000 00609nam a2200193 i 4500
001 49883
003 ES-MaACL
007 t|
008 030724s1904 xxk ||||1| eng d
100 1 _aCrashaw, Richard.
_941450
245 1 0 _aSteps to the Temple Delights of the muses and other poems /
_cRichard Crashaw ; the text edited by A.R. Waller.
260 _aCambridge :
_b[John Clay],
_c1904.
300 _aX, 402 p. ;
_c20 cm.
490 1 _aCambridge English Classics
700 1 _aWaller, A. R.
_9115961
830 0 _aCambridge English Classics
_9181697
852 _aES-MaACL
_jC-761
999 _c49883
_d49883